|
|
|
|
| LEADER |
01971nam a2200337 a 4500 |
| 001 |
13922539 |
| 008 |
100206t20092006njua b 001 0 eng d |
| 010 |
|
|
|a 2005047639
|
| 020 |
|
|
|a 9788131714140
|
| 020 |
|
|
|a 0131465600
|
| 040 |
|
|
|a DLC
|c DLC
|d DLC
|d BD-DhAAL
|
| 042 |
|
|
|a pcc
|
| 082 |
0 |
0 |
|a 659.1
|2 22
|
| 100 |
1 |
|
|a Wells, William,
|d 1926-
|
| 245 |
1 |
0 |
|a Advertising :
|b principles & practice /
|c William Wells, Sandra Moriarty, John Burnett.
|
| 246 |
3 |
|
|a Advertising : principles and practice
|
| 250 |
|
|
|a 7th ed.
|
| 260 |
|
|
|a Upper Saddle River, N.J. ;
|a New Delhi :
|b Pearson/Prentice Hall,
|c c2006 [impression 2009].
|
| 300 |
|
|
|a xxxi, 592 p. ;
|b col. ill. ;
|c 29 cm.
|
| 504 |
|
|
|a Includes bibliographical references (p. 575-580) and index.
|
| 541 |
1 |
|
|e 00021920
|
| 650 |
|
0 |
|a Advertising.
|
| 700 |
1 |
|
|a Burnett, John,
|d 1944-
|
| 700 |
1 |
|
|a Moriarty, Sandra E.
|q (Sandra Ernst)
|
| 852 |
|
|
|a Ayesha Abed Library
|c General Shelf.
|
| 999 |
|
|
|c 10430
|d 10430
|
| 952 |
|
|
|0 0
|1 4
|2 ddc
|4 0
|6 659_100000000000000_WEL
|7 0
|9 14337
|a BRACUL
|b BRACUL
|c GEN
|d 2011-02-06
|e Development Book Agency
|g 600.00
|l 0
|o 659.1 WEL
|p 3010021920
|r 2011-02-06
|t 1
|w 2011-02-06
|y BK
|x Koha Inventory 2020
|
| 952 |
|
|
|0 0
|1 0
|2 ddc
|4 0
|6 659_100000000000000_WEL
|7 0
|9 14338
|a BRACUL
|b BRACUL
|c GEN
|d 2011-02-06
|e Development Book Agency
|g 600.00
|l 3
|m 15
|o 659.1 WEL
|p 3010021921
|r 2024-01-30
|s 2022-04-19
|t 2
|w 2011-02-06
|y BK
|
| 952 |
|
|
|0 0
|1 0
|2 ddc
|4 0
|6 659_100000000000000_WEL
|7 0
|9 14339
|a BRACUL
|b BRACUL
|c GEN
|d 2011-02-06
|e Development Book Agency
|g 600.00
|l 3
|m 25
|o 659.1 WEL
|p 3010021922
|r 2018-12-03
|s 2018-09-23
|t 3
|w 2011-02-06
|y BK
|
| 952 |
|
|
|0 0
|1 0
|2 ddc
|4 0
|6 659_100000000000000_WEL
|7 0
|9 14340
|a BRACUL
|b BRACUL
|c GEN
|d 2011-02-06
|e Development Book Agency
|g 600.00
|l 6
|m 43
|o 659.1 WEL
|p 3010021923
|r 2020-12-01
|s 2020-01-14
|t 4
|w 2011-02-06
|y BK
|
| 952 |
|
|
|0 0
|1 0
|2 ddc
|4 0
|6 659_100000000000000_WEL
|7 0
|9 14341
|a BRACUL
|b BRACUL
|c GEN
|d 2011-02-06
|e Development Book Agency
|g 600.00
|l 3
|m 23
|o 659.1 WEL
|p 3010021924
|r 2019-01-07
|s 2018-09-19
|t 5
|w 2011-02-06
|y BK
|